| 000 | 00483 a2200193 4500 | ||
|---|---|---|---|
| 999 |
_c534380 _d534380 |
||
| 003 | NUST | ||
| 005 | 20200218114102.0 | ||
| 008 | 200218b ||||| |||| 00| 0 eng d | ||
| 020 | _a9695190308 | ||
| 038 | _aMSOHAIL | ||
| 082 | _a297.09 | ||
| 100 |
_aAl-Attas _928515 |
||
| 245 |
_aProlegomena to the Metaphysics of Islam _cAl-Attas |
||
| 250 | _a1st | ||
| 260 |
_aLahore _bSuhail Academy _c2001 |
||
| 300 | _a372;p | ||
| 500 | _aHard cover | ||
| 942 |
_aNBS _cBK _k297.09 ATT _2ddc |
||